| 000 | 00578nam a2200181 i 4500 | ||
|---|---|---|---|
| 001 | 140498 | ||
| 003 | ES-MaACL | ||
| 005 | 20230906200106.0 | ||
| 007 | t| | ||
| 008 | 070214s1906 fr r ||||1| fre d | ||
| 100 | 1 |
_aSéailles, Gabriel. _9104982 |
|
| 245 | 1 | 0 |
_aLeonard da Vinci _b: l'artiste et le savant : 1452-1519 : essai de biographie psychologique / _cGabriel Séailles. |
| 260 |
_aLagny : _bE. Colin, _c1906. |
||
| 300 |
_aXXIII, 556 p. ; _c18 cm. |
||
| 600 | 1 | 4 |
_aLeonardo da Vinci, _d1452-1519 _971671 |
| 852 |
_aES-MaACL _jD-1443 |
||
| 999 |
_c140498 _d140498 |
||